|
|
|
|
| LEADER |
00000nam0a2200000 4500 |
| 001 |
4619 |
| 005 |
20240206094501.0 |
| 035 |
|
|
|a (RuTPU)RU\TPU\book\4643
|
| 035 |
|
|
|a BOOK00004666
|
| 090 |
|
|
|a 4619
|
| 100 |
|
|
|a 20011209d1997 m y0rusy50 ca
|
| 101 |
0 |
|
|a rus
|
| 102 |
|
|
|a RU
|
| 105 |
|
|
|a y j 000zy
|
| 200 |
1 |
|
|a Основы практической гидрогеологии и инженерной геологии
|e учебное пособие
|f Т. Я. Емельянова, К. И. Кузеванов, Е. М. Дутова
|g Томский политехнический университет
|
| 210 |
|
|
|a Томск
|c Изд-во ТПУ
|d 1997
|
| 215 |
|
|
|a 78 с.
|
| 606 |
1 |
|
|a Гидрогеология
|2 stltpush
|3 (RuTPU)RU\TPU\subj\38647
|9 59032
|
| 606 |
1 |
|
|a Инженерная геология
|2 stltpush
|3 (RuTPU)RU\TPU\subj\12572
|9 39335
|
| 610 |
1 |
|
|a учебные пособия
|
| 675 |
|
|
|a 556.3(075.8)
|v 3
|
| 675 |
|
|
|a 624.131.1(075.8)
|v 3
|
| 700 |
|
1 |
|a Емельянова
|b Т. Я.
|c российский гидрогеолог
|c доцент Томского политехнического университета, кандидат геолого-минералогических наук
|f 1938-
|g Тамара Яковлевна
|3 (RuTPU)RU\TPU\pers\26076
|
| 701 |
|
1 |
|a Кузеванов
|b К. И.
|c геолог
|c доцент Томского политехнического университета, кандидат геолого-минералогических наук
|f 1955-
|g Константин Иванович
|3 (RuTPU)RU\TPU\pers\26077
|9 11915
|
| 701 |
|
1 |
|a Дутова
|b Е. М.
|c гидрогеолог
|c профессор Томского политехнического университета, доктор геолого-минералогических наук
|f 1956-
|g Екатерина Матвеевна
|3 (RuTPU)RU\TPU\pers\26078
|9 11916
|
| 712 |
0 |
2 |
|a Томский политехнический университет
|3 (RuTPU)RU\TPU\col\376
|
| 801 |
|
0 |
|a RU
|b 63413507
|c 20011209
|g PSBO
|
| 801 |
|
2 |
|a RU
|b 63413507
|c 20200907
|g PSBO
|
| 942 |
|
|
|c BK
|